| 000 | 00808nam a2200217Ii 4500 | ||
|---|---|---|---|
| 003 | JO-AjNU | ||
| 008 | 230605s9999||||xx |||||||||||||| ||und|| | ||
| 017 | _a1987/10/483 | ||
| 040 |
_aJO-AjNU _bara _erda _cJO-AjNU |
||
| 041 | _aara | ||
| 050 | 1 | 4 | _aLB1145.T3748 1988 |
| 100 | 3 |
_aطراونة، ساهرة نابلسي , _eauthor _935126 |
|
| 245 | 0 | 0 | _aدليل البرامج والنشاطات لطفل ما قبل المدرسة من(3-6) سنوات |
| 250 | _aط1 | ||
| 264 | 3 | 1 | _aعمان:دار غسان،1988 |
| 300 | _a231ص | ||
| 336 |
_atext _btxt _2rdacontent |
||
| 337 |
_aunmediated _bn _2rdamedia |
||
| 338 |
_avolume _bnc _2rdacarrier |
||
| 650 | 4 |
_aتعليم الأطفال-الأردن. أطفال ما قبل المدرسة-رياض الأطفال-مدارس الحضانة _935127 |
|
| 999 |
_aA14470 _c18038 _d18038 |
||